000
00366nam a22001217a 4500
999
_c
13595
_d
13595
020
_a
9693516974
082
_a
923.4
100
_a
مرتبہ محمّد اکرم چغتائی
245
_a
جمال الدین افغانی
_b
اتحاد عالم اسلامی کا نقیب
260
_a
لاہور
_b
سنگ میل
_c
٢٠٠٥
300
_a
٧٢٨ صفحات
942
_c
BK